000 00640nam a2200181Ia 4500
008 220216s9999 xx 000 0 und d
100 _aBaker H C
245 0 _aProcessing and vulcanisate properties of commercial grades of natural rubber.Pt.II.Mastication and mixing behaviour, vulcanisate ageing and the Wallace plasticity retention test for raw rubber oxidation resistance
260 _bIRI Transactions
_c1966
300 _aT210-T226
650 _aMastication
650 _aVulcanisate ageing
650 _aWallace plasticity retention
700 _aBaker L R
700 _aFariie E D
700 _aGreensmith H W
942 _cJS
999 _c65772
_d65772